000 00303nam a2200121Ia 4500
008 220204s9999 xx 000 0 und d
082 _a681.31(036)JAV
_bJAW
100 _aJaworski, Jamie
245 0 _aJava 1.1 developer's guide
250 _aEd.2
260 _aNew Delhi
_bTech Media
_c1998
942 _cBK
999 _c41503
_d41503